Les chansons de Zamdane - Mort subite - Statistiques

Statistiques générales
  • Ce quiz a été pris 381 fois
  • Le résultat moyen est 8 sur 14
Answers on the Grid
Answers color-coded by a green-red scale on the quiz's grid according to % correct below.
Les jolies filles
Fleurs
Vide quand t'es pas là
Million
Sans toi
Le monde par ma fenêtre
Monstres
Lalalala
Je t'aime
Beretta
Le poison
Dernière pluie
Magicien
La vie est belle
Les jolies girls
Vide quand t'es là
Barette
Le poisson
Gris
Distanciel
Flou
Margiela
Jeu dangereux
Rihanna
Busy
17%
 
Statistiques - réponses
Réponse % Correct
Million
61%
Fleurs
60%
Les jolies filles
60%
Le monde par ma fenêtre
59%
Monstres
59%
Dernière pluie
57%
Vide quand t'es pas là
56%
Lalalala
55%
Beretta
54%
Je t'aime
51%
Le poison
51%
Sans toi
49%
Magicien
48%
La vie est belle
44%
Aucun quiz correspondant
Distribution des résultats
% des personnes avec chaque résultat
Percentile par nombre de réponses
Votre historique - résultats
Vous n’avez pas pris ce quiz